00493nam a22001817a 4500003000400000005001700004008004100021020001800062040003700080082001700117100002800134245003200162260005300194300001000247650001000257650002900267650001500296OSt20260305172015.0260305b |||||||| |||| 00| 0 eng d a9789351868163 bEnglishcCentral Library IIT Goa a181.092bMAT aMathur, Manishaeauthor aConfucius /cManisha Mathur aNew Delhi :bPrabhat Prakashan Pvt. Ltd. ,c2025 a183p. aHindi aPhilisophers (Biography) aPhilisophy